[Event "IECC M email"]
[Site "IECC email"]
[Date "2001.03.29"]
[Round "?"]
[White "Manarin, Franco"]
[Black "Costantini, Mike"]
[Result "1-0"]
[WhiteElo "1396"]
[BlackElo "1200"]
[PlyCount "55"]
[EventDate "2001.??.??"]
[EventType "tourn (corr)"]
[EventRounds "6"]
[SourceTitle "Corr 2008"]
[Source "ChessBase"]
[SourceDate "2008.06.24"]
[SourceVersion "1"]
[SourceVersionDate "2008.06.24"]
[SourceQuality "1"]

1. d4 d5 2. Bg5 h6 3. Bh4 c6 4. Nd2 Qa5 5. c3 e6 6. e4 Nf6 7. Bxf6 gxf6 8. Qh5 e5 9. dxe5 dxe4 10. Bc4 Be6 11. Bxe6 Qxe5 12. Qxf7+ Kd8 13. Nc4 Qxe6 14. Qxe6 Nd7 15. 0-0-0 Rh7 16. Qg8 Kc7 17. Qxh7 Rd8 18. Na5 Bc5 19. Nxb7 Kxb7 20. Rxd7+ Rxd7 21. Qxd7+ Kb6 22. Nh3 a5 23. Qd8+ Ka6 24. Qxf6 Kb6 25. Qd8+ Ka6 26. Qc7 Bb6 27. Qxc6 a4 28. Rd1 1-0